000 00845cad a22002055a 4500
001 L154860
008 120124s2012 xxk f 000 0 eng d
035 _a(Sirsi) u154860
041 0 _aeng
110 2 _aLocal Government Association
_95763
245 0 0 _aMeeting local housing demand
_ba guide for elected members[electronic resource]
260 _aLondon
_bLocal Government Association
_c2012
520 _aOffers guidance to local councillors on how deliver new affordable housing, improving existing housing stock and making housing central to local areas. Includes case studies.
590 _aKA NTK
651 4 _aEngland
_y886-
690 _aAffordable housing
_96215
710 1 _aHomes and Communities Agency
_95688
856 4 0 _uhttps://www.lga.gov.uk/lga/aio/21408529
_zView the item free of charge at www.lga.gov.uk
942 _n0
999 _c113205
_d113205